[Event "Al Ain rapid"]
[Site "Al Ain"]
[Date "2014.12.18"]
[Round "5"]
[White "Sameir, Ramez"]
[Black "Bahari Rad, Alireza"]
[Result "1-0"]
[WhiteElo "2075"]
[BlackElo "1966"]
[PlyCount "117"]
[EventDate "2014.12.18"]
[EventType "swiss (rapid)"]
[EventRounds "7"]
[EventCountry "UAE"]
[SourceTitle "EXT 2016"]
[Source "ChessBase"]
[SourceDate "2015.10.08"]
[SourceVersion "1"]
[SourceVersionDate "2015.10.08"]
[SourceQuality "1"]

1. e4 c6 2. d4 d5 3. Nc3 dxe4 4. Nxe4 Bf5 5. Ng3 Bg6 6. Nf3 Nd7 7. h4 h6 8. h5 Bh7 9. Bd3 Bxd3 10. Qxd3 e6 11. Bd2 Qc7 12. 0-0-0 0-0-0 13. Kb1 Ngf6 14. Ne4 Nxe4 15. Qxe4 Bd6 16. c4 c5 17. Bc3 Nf6 18. Qe2 cxd4 19. Bxd4 Bc5 20. Bxc5 Qxc5 21. Ne5 Qc7 22. f4 Rxd1+ 23. Rxd1 Rd8 24. Rxd8+ Kxd8 25. g4 Ke7 26. Qd2 Nd7 27. Qb4+ Ke8 28. Qa4 a6 29. c5 Ke7 30. Nxd7 Qxd7 31. Qxd7+ Kxd7 32. Kc2 Kc6 33. b4 a5 34. Kc3 axb4+ 35. Kxb4 f6 36. Kc4 e5 37. fxe5 fxe5 38. a3 e4 39. Kd4 e3 40. Kxe3 Kxc5 41. Kf4 Kc4 42. Kf5 b5 43. Kg6 Kb3 44. Kxg7 Kxa3 45. g5 hxg5 46. h6 b4 47. h7 b3 48. h8Q b2 49. Qa8+ Kb3 50. Qe4 Ka2 51. Qc2 Ka1 52. Qa4+ Kb1 53. Kg6 Kc1 54. Qc4+ Kd2 55. Qb3 Kc1 56. Qc3+ Kb1 57. Kxg5 Ka2 58. Qc2 Ka1 59. Qa4+ 1-0

[Event "Tehran Behin Cup 2nd"]
[Site "Tehran"]
[Date "2014.11.17"]
[Round "3"]
[White "Malakhatko, Vadim"]
[Black "Bahari Rad, Alireza"]
[Result "1-0"]
[WhiteElo "2533"]
[BlackElo "2062"]
[PlyCount "89"]
[EventDate "2014.11.15"]
[EventType "swiss"]
[EventRounds "9"]
[EventCountry "IRI"]
[SourceTitle "CBM 163 Extra"]
[Source "ChessBase"]
[SourceDate "2014.12.23"]
[SourceVersion "1"]
[SourceVersionDate "2014.12.23"]
[SourceQuality "1"]

1. d4 Nf6 2. c4 e6 3. Nf3 Bb4+ 4. Nbd2 b6 5. a3 Bxd2+ 6. Qxd2 Bb7 7. e3 d6 8. Be2 Nbd7 9. 0-0 0-0 10. b3 Qe7 11. Bb2 Be4 12. Rad1 h6 13. Qc1 c5 14. Nd2 Bb7 15. Qa1 cxd4 16. Bxd4 d5 17. Bf3 e5 18. Bb2 e4 19. Be2 Rfe8 20. cxd5 Bxd5 21. Bb5 Red8 22. b4 a6 23. Be2 b5 24. Rc1 Nb6 25. Bd4 Qe6 26. Rc2 Rac8 27. Rfc1 Rxc2 28. Rxc2 Ne8 29. h3 Na4 30. Nf1 Rc8 31. Bg4 f5 32. Rxc8 Qxc8 33. Bh5 Bf7 34. Bd1 Qc4 35. g4 fxg4 36. hxg4 Qc6 37. Ng3 Bg6 38. Bb3+ Kh7 39. Kg2 Qd7 40. Qd1 Nc7 41. g5 Bf7 42. Bc2 Bg6 43. gxh6 gxh6 44. Nxe4 Ne8 45. Ng5+ 1-0